000 00626nam a2200229Ia 4500
003 OSt
005 20220916111030.0
006 a|||||r|||| 00| 0
007 ta
008 220915b |||||||| |||| 00| 0 eng d
024 _a123989
037 _cTextbook
040 _beng
_aARTS
_cARTS
041 _aeng
082 _aV641:19052:N5, 122J7(906)
100 _aRanieri Liane
245 0 _aLes relations eutre l'etat independent du Congo et l' Italie
260 _aNA
_bNA
650 _aHISTORY
942 _hV641:19052:N5, 122J7(906)
_cTB
_2CC
999 _c103969
_d103969